| 000 | 01098nam a2200301 a 4500 | ||
|---|---|---|---|
| 001 | 000045766 | ||
| 003 | DO-SdBNP | ||
| 005 | 20210512102907.0 | ||
| 008 | 150511s2015 dr c 000 0 spa d | ||
| 020 | _a9789945166705 | ||
| 040 |
_aDO-SdBNP _bspa _cBNPHU |
||
| 100 | 1 |
_aShasha _d1966- _qAntonio Díaz, Clara Elena _973838 |
|
| 245 | 1 | 0 |
_aTrilogía : _bel gran poder del sexo / _cClara Elena Antonio Díaz (Shasha) ; prólogo José Antonio Suero Cuello. |
| 246 | 1 | 2 | _aYo soy, el secreto de tu eterna juventud |
| 250 | _a2a. ed. | ||
| 260 |
_aSanto Domingo : _bCírculo rojo, _c2015. |
||
| 300 |
_a234 p. : _bil., retrs. ; _c21 cm. |
||
| 490 | 1 | _aAutoayuda | |
| 500 | _aIncluye datos biografícos de la autora en la solapa de la portada. | ||
| 500 | _aLa biblioteca posee 1 ejemplar autografíado por la autora | ||
| 504 | _aBibliografía p: 234 | ||
| 504 | _aBibliografía p: 234 | ||
| 590 | _aInventariado, 2019/ YL | ||
| 700 | 1 |
_aSuero Cuello, José Antonio _eprol. _973839 |
|
| 740 | 0 | _aYo soy, el secreto de tu eterna juventud | |
| 830 | 0 |
_aAutoayuda _955295 |
|
| 942 |
_2ddc _cLBS1 |
||
| 999 |
_c45255 _d45255 |
||